000
00266nam a22001097a 4500
008
241121b |||||||| |||| 00| 0 eng d
100
_a
NIIT
245
_a
Web Page Authoring :
_b
Student Guide
260
_a
India :
_b
NIIT Limited,
300
_c
24 Cm.
942
_2
ddc
999
_c
10088
_d
10089